000 00436nam a22001697a 4500
005 20160618162312.0
008 160618b xxu||||| |||| 00| 0 eng d
020 _a81-219-1773-5
041 _aeng
082 _b8227
100 _aTelsany, Martand
_92261
245 _aIndustrial Engineering and Production Management
260 _aNew Delhi
_bSultan Chand & Sons,
_c1998
300 _a679
650 _aManagement
_9241
942 _cBK
999 _c3165
_d3164